000 01337cam a2200133 4500500
005 20260405085518.0
041 _afre
042 _adc
100 1 0 _aBarrère, Anne
_eauthor
245 0 0 _aAu coeur des malaises enseignants
260 _bArmand Colin,
_c2017.
520 _a« Le » malaise enseignant n’existe pas. Mais face aux inégalités scolaires, aux transformations du métier, à l’accumulation de réformes, aux difficultés relationnelles dans les classes, ce sont « des  » malaises qui sont vécus par les enseignants de collège et lycée. Leurs trajectoires et expériences, bien que très différentes, sont unifiées par des défis communs. Ce livre entend les éclairer au plus près du travail réel, en proposant pour chacun d’entre eux, une analyse outillée par les sciences sociales. Relu et discuté par des enseignants, largement illustré par leurs témoignages, il propose de relire en termes collectifs des épreuves qui restent souvent vécues de manière individuelle, et parfois douloureusement solitaires. Au plus loin de toute prescription de «  bonnes pratiques  », il est écrit pour les enseignants et pour tous ceux qui s’intéressent à l’école.
856 4 1 _uhttps://shs.cairn.info/au-coeur-des-malaises-enseignants--9782200617233?lang=fr&redirect-ssocas=7080
999 _c2198174
_d2198174